000 00642nam a2200277Ia 4500
005 20260324143709.0
008 008 260324s9999 xx 000 0 eng d
020 _a9780203755532
037 _aEBOOK
040 _aCRL
040 _beng
040 _cCRL
041 _2eng
041 _aeng
084 _qCRL
100 _aRobert Wisbauer
_91216592
245 0 _aFoundations of Module and Ring Theory
260 _bTaylor and Francis
260 _c1991
365 _a
365 _b1040
856 _uhttp://www.taylorfrancis.com/books/9780203755532
942 _cEBOOK
999 _c1822297
_d1822297